000 01042nam2a2200253 4500
001 RU\NLR\bibl\728708
005 20250613234930.0
010 _a5-9614-0086-7
_910000
021 _aRU
_b2004-76102
_93753
035 _a(NLR Aleph) 000718688
090 _a689136
_c689136
100 _a20050224d2004 |||y0rusy50 ca
101 0 _arus
102 _aRU
105 _ay |||||||||
200 0 _a[Т. 6]
_hч. 6
_iПриложения, типовые документы
210 _d2004
_aБ. м.
215 _a364 с.
461 0 _1001RU\NLR\bibl\742138
_12001#$aПособие по корпоративному управлению$v[Т. 6]
_9768571
_cМ.
_d2004
_fподгот. и опубл. Междунар. финансовой корпорацией и М-вом торговли США
_nАльпина Бизнес Букс
_o[в 6 т.]
_tПособие по корпоративному управлению
_v[Т. 6]
801 0 _aRU
_bNLR
_c20050224
_gPSBO
801 1 _aRU
_bNLR
_c20050224
942 _cBOOK
980 _aNB